000 00899nam a2200301 a 4500
001 000114608
003 CHAP
005 20220329144449.0
008 180309s1973 mx |r| ||||||spa d
010 _a111069
011 _a112041
040 _cCHAP
082 0 4 _a370.972
_bS23
100 1 _aSantiago Sierra, Augusto
_9134775
245 1 3 _aLas misiones culturales :
_b(1923-1973) /
_cpor Augusto Santiago Sierra.
260 _aMéxico, D.F. :
_bSecretaría de Educación Pública,
_c1973.
300 _a188 p.
490 _aSEP/Septentas
_v113
590 _aBATCH-UPD
_b05
_c20180309
_lUCH01
_h0912
590 _aE5765TAJ
_b05
_c20180309
_lUCH01
_h0912
650 1 4 _aEducación rural
_xMéxico.
_935591
650 1 4 _aEducación
_zMéxico
_xHistoria.
_9134776
650 1 4 _aMisiones
_zMéxico.
_9134777
830 0 _aSEP/Septentas
_v113
_9104450
901 _aBK
942 _cLIBRO
942 _n0
999 _c111069
_d111069